005070000a220008500045001000024000002450043000243000036000675200260001037730058003631 aFoulkes B., Ricardo10aLa familia de Jesús (Mateo 12,46-50) aNum. 27 (1997), Páginas 55-65 aLa familia de origen de Jesús, en particular su madre y sus hermanos (Mt. 12,46-50), tienen con él experiencias de tensión que nos ayudan a comprender el sentido metafórico y luego escatológico (25,31-46) de la expresión "hermanos de Jesús".0 tRevista de Interpretación Bíblica Latinoamericana